000 00559nam a2200169 a 4500
005 20240601063807.0
008 991125s1900 mx 000 0 spa u
035 _aUPN01000009917
049 _aLT
050 4 _aLB1633 M6
_bP4.2
100 1 _aPeña, Rafael Angel de la,
_d1837-1906
_930580
245 1 0 _aCompendio de gramática teórica y práctica de la lengua castellana /
_cRafael Angel de la Peña.
260 _aMéxico :
_bHerrero,
_c1900.
300 _a221 p.
650 4 _aEspañol
_xGramática
_xEstudio y enseñanza (Secundaria)
_917028
905 _aLibro
999 _c9917
_d9917